000 00494nam a2200097Ia 4500
008 170517s9999 xx 000 0 und d
245 _aSuperhuman: Giants
300 _aThe subjects of the documentary Superhuman: Giants are literally three in a million. That's the average number of people in the world who classify as giants by standing over seven feet in height. Some regard them with awe-struck wonder...
650 _xTechnology.
856 _uhttp://topdocumentaryfilms.com/superhuman-giants/
999 _c335088
_d335088